Phytohormones in crop productivity under different environments / (Record no. 3038)

MARC details
000 -LEADER
fixed length control field 00746nam a22002537a 4500
001 - CONTROL NUMBER
control field BD-DhSAU 3038
003 - CONTROL NUMBER IDENTIFIER
control field BD-DhSAU
005 - DATE AND TIME OF LATEST TRANSACTION
control field 20150203145153.0
008 - FIXED-LENGTH DATA ELEMENTS--GENERAL INFORMATION
fixed length control field 150203b2001 ii a|||| |||| 00| 0 eng d
020 ## - INTERNATIONAL STANDARD BOOK NUMBER
International Standard Book Number 8172332750
040 ## - CATALOGING SOURCE
Original cataloging agency BD-DhSAU
082 ## - DEWEY DECIMAL CLASSIFICATION NUMBER
Edition number 22
Classification number 581.7
Item number PHY
245 ## - TITLE STATEMENT
Title Phytohormones in crop productivity under different environments /
Statement of responsibility, etc. Editors, Nafees A. Khan, Samiullah
260 ## - PUBLICATION, DISTRIBUTION, ETC. (IMPRINT)
Place of publication, distribution, etc. Jodhpur, India :
Name of publisher, distributor, etc. Scientific Pub. ,
Date of publication, distribution, etc. c2001.
300 ## - PHYSICAL DESCRIPTION
Extent xii, 233 p. :
Other physical details ill. ;
Dimensions 22 cm.
504 ## - BIBLIOGRAPHY, ETC. NOTE
Bibliography, etc Includes bibliographical references.
590 ## - Name of Cataloguer
Name of Cataloger Jerin
650 ## - SUBJECT ADDED ENTRY--TOPICAL TERM
Topical term or geographic name as entry element Botany
650 ## - SUBJECT ADDED ENTRY--TOPICAL TERM
Topical term or geographic name as entry element Phytohormones
650 ## - SUBJECT ADDED ENTRY--TOPICAL TERM
Topical term or geographic name as entry element crop productivity
650 ## - SUBJECT ADDED ENTRY--TOPICAL TERM
Topical term or geographic name as entry element environment
700 ## - ADDED ENTRY--PERSONAL NAME
Personal name Editors, Khan, Nafees A.
700 ## - ADDED ENTRY--PERSONAL NAME
Personal name Samiullah
942 ## - ADDED ENTRY ELEMENTS (KOHA)
Source of classification or shelving scheme Dewey Decimal Classification
Koha item type Book
Holdings
Withdrawn status Lost status Source of classification or shelving scheme Damaged status Not for loan Home library Branch Name Shelving location Date acquired Total Checkouts Full call number Barcode Date last seen Price effective from Koha item type
    Dewey Decimal Classification     SAU Library SAU Library General Stacks 05/08/2009   581.7 PHY 35225 03/02/2015 03/02/2015 Book
    Dewey Decimal Classification   Not For Loan SAU Library SAU Library Reference 04/08/2009   581.7 PHY 35223 09/05/2015 09/05/2015 Book